000 01179pam a2200325 a 4500
001 596562
003 OSt
005 20140310181649.0
008 910509s1992 nyu j 000 1 eng
010 _a 91004308
020 _a0027077519 :
_c$14.95
040 _aDLC
_cDLC
_dDLC
042 _alcac
050 0 0 _aPZ 7
_b.Av957 1992
082 0 0 _aKF Av5b
_b1992
100 0 _aAvi,
_d1937-
_93852
245 1 0 _aBlue heron /
_cby Avi.
250 _a1st ed.
260 _aNew York :
_bBradbury Press,
_cc1992.
300 _a186 p. ;
_c22 cm.
520 _aWhile spending the month of August on the Massachusetts shore with her father, stepmother, and their new baby, almost thirteen-year-old Maggie finds beauty in and draws strength from a great blue heron, even as the family around her unravels.
541 _j1
562 _e1
650 1 _aFamily problems
_xFiction.
_93853
650 1 _aHerons
_xFiction.
_93854
650 1 _aFriendship
_xFiction.
_93855
906 _a7
_bcbc
_corignew
_d1
_eocip
_f19
_gy-gencatlg
942 _2lcc
_cBK-KF
_kKF
999 _c952
_d952